Colección de cine experimental colombiano (1954-1984) / (Registro nro. 59728)

Detalles MARC
000 -CABECERA
Longitud fija campo de control 02134nam a22004817c 4500
003 - • IDENTIFICADOR DELl NÚMERO DE CONTROL
Identificador del número de control CO-BoRNBP
005 - • FECHA Y HORA DE LA ÚLTIMA TRANSACCIÓN
Fecha y hora de la última transacción 20251030160145.0
007 - • CAMPO FIJO DE DESCRIPCIÓN FÍSICA
Campo fijo de descripción física ta
008 - • CÓDIGOS DE INFORMACIÓN DE LONGITUD FIJA
Códigos de información de longitud fija 241114s2023 ck ao|||r|||| 000 0dspa d
020 ## - • NÚMERO INTERNACIONAL NORMALIZADO PARA LIBROS
Número Internacional Normalizado para Libros (ISBN) 9789585912151
040 ## - FUENTE DE LA CATALOGACIÓN
Centro catalogador de origen CO-BoRNBP
Lengua de catalogación spa
Normas de descripción rda
Centro transcriptor CO-BoRNBP
041 0# - • CÓDIGO DE LENGUA
Código de lengua del texto/banda sonora o título independiente spa
082 04 - • NÚMERO DE LA CLASIFICACIÓN DECIMAL DEWEY
Número de edición 23
Número de clasificación (R) 791.43
Número del ítem F14c
100 ## - • PUNTO DE ACCESO PRINCIPAL-NOMBRE DE PERSONA
Nombre de persona Falla Zerrate, Alexandra
Término indicativo de función aut
245 10 - • TITULO PROPIAMENTE DICHO
Título Colección de cine experimental colombiano (1954-1984) /
Mención de responsabilidad, etc. textos, Alexandra Falla Zerrate... [y otros doce].
250 ## - • MENCIÓN DE EDICIÓN
Mención de edición 1a. edición
264 #1 - PRODUCCIÓN, PUBLICACIÓN , DISTRIBUCIÓN, FABRICACIÓN Y COPYRIGHT
Lugar de producción, publicación, distribución, fabricación Bogotá, Colombia :
Nombre del productor, editor, distribuidor, fabricante Fundación Patrimonio Fílmico Colombiano,
Fecha de de producción, publicación, distribución, fabricación o copyright 2023
300 ## - • DESCRIPCIÓN FÍSICA
Extensión 133 páginas :
Otras características físicas ilustraciones, fotografías a color y en blanco y negro +
Material Anexo 4 DVD
336 ## - TIPO DE CONTENIDO
Fuente rdacontent
Término de tipo de contenido texto
Código de tipo de contenido txt
337 ## - TIPO DE MEDIO
Fuente rdamedia
Nombre del tipo de medio sin mediación
Código del tipo de medio n
338 ## - TIPO DE SOPORTE
Fuente rdacarrier
Nombre del tipo de soporte volumen
Código del tipo de soporte nc
500 ## - • NOTA GENERAL
Nota general Incluye datos curriculares de los autores
505 0# - • NOTA DE CONTENIDO CON FORMATO
Información varia (R ) Disco 1
Título (R ) La langosta azul
-- Chichigua
-- Rapsodia en Bogotá-Rapshody in blue, - Rapshody in Bogotá
505 0# - • NOTA DE CONTENIDO CON FORMATO
Información varia (R ) Disco 2
Título (R ) Faustino
-- Encuentros cotidianos y quehaceres casi diarios
-- María
505 0# - • NOTA DE CONTENIDO CON FORMATO
Información varia (R ) Disco 3
Título (R ) Las ventanas de Salcedo
-- Pasión y muerte de Margarita Gautier
-- Azilef
-- A mal tiempo buena cara o la ópera del mondongo
-- Agarrando pueblo
505 0# - • NOTA DE CONTENIDO CON FORMATO
Información varia (R ) Disco 4
Título (R ) Magola
-- Hilo caracol y punto sobre un plano
-- Balada del mar no visto
650 07 - • PUNTO DE ACCESO ADICIONAL DE MATERIA - TÉRMINO DE MATERIA
Término de materia o nombre geográfico como elemento inicial Cine experimental
Fuente del encabezamiento o término lemb
650 07 - • PUNTO DE ACCESO ADICIONAL DE MATERIA - TÉRMINO DE MATERIA
Término de materia o nombre geográfico como elemento inicial Películas cinematográficas
Subdivisión de materia general Historia y crítica
Subdivisión geográfica Colombia
Fuente del encabezamiento o término LEMB
700 ## - • PUNTO DE ACCESO ADICIONAL - NOMBRE DE PERSONA
Nombre de persona Galindo Cardona, Yamid
Término indicativo de función aut
700 ## - • PUNTO DE ACCESO ADICIONAL - NOMBRE DE PERSONA
Nombre de persona García Moreno, Diego
Término indicativo de función aut
700 ## - • PUNTO DE ACCESO ADICIONAL - NOMBRE DE PERSONA
Nombre de persona Gil Zubiría, Julio Cesar
Término indicativo de función aut
700 ## - • PUNTO DE ACCESO ADICIONAL - NOMBRE DE PERSONA
Nombre de persona Guerrero Hernández, Juan Carlos
Término indicativo de función aut
700 ## - • PUNTO DE ACCESO ADICIONAL - NOMBRE DE PERSONA
Nombre de persona Hernández, Eduardo
Término indicativo de función aut
700 ## - • PUNTO DE ACCESO ADICIONAL - NOMBRE DE PERSONA
Nombre de persona Restrepo, Marta Helena
Término indicativo de función aut
700 ## - • PUNTO DE ACCESO ADICIONAL - NOMBRE DE PERSONA
Nombre de persona Rodríguez, Haroldo
Término indicativo de función aut
700 ## - • PUNTO DE ACCESO ADICIONAL - NOMBRE DE PERSONA
Nombre de persona Russi, Armando
Término indicativo de función aut
700 ## - • PUNTO DE ACCESO ADICIONAL - NOMBRE DE PERSONA
Nombre de persona Sabbagh Fajardo, Alfredo
Término indicativo de función aut
700 ## - • PUNTO DE ACCESO ADICIONAL - NOMBRE DE PERSONA
Nombre de persona Sánchez Méndez, Carlos
Término indicativo de función aut
700 ## - • PUNTO DE ACCESO ADICIONAL - NOMBRE DE PERSONA
Nombre de persona Torres Moya, Rito Alberto
Término indicativo de función aut
700 ## - • PUNTO DE ACCESO ADICIONAL - NOMBRE DE PERSONA
Nombre de persona Vélez, Marta Lucía
Término indicativo de función aut
942 ## - ENTRADA DE ELEMENTOS AGREGADOS (KOHA)
Fuente de clasificaión o esquema
Koha [por defecto] tipo de item LIbro
Suppress in OPAC 0

No hay ítems disponibles.










Instituto Departamental de Cultura del Meta - Red Departamental de Bibliotecas Públicas del Meta.